De Troteras a Tigre Juan (Record no. 147866)

MARC details
000 -LEADER
campo de control de longitud fija 00626nam a2200181 i 4500
001 - NÚMERO DE CONTROL
campo de control 147866
003 - IDENTIFICADOR DE NÚMERO DE CONTROL
campo de control ES-MaACL
005 - FECHA Y HORA DE LA ÚLTIMA TRANSACCIÓN
campo de control 20230906202308.0
008 - DATOS DE LONGITUD FIJA--INFORMACIÓN GENERAL
campo de control de longitud fija 071008s1960 sp ||||1| spa d
080 ## - NÚMERO DE LA CLASIFICACIÓN DECIMAL UNIVERSAL
Número de la Clasificación Decimal Universal 86(Pérez de Ayala, Ramón 1.06)
100 1# - ENTRADA PRINCIPAL--NOMBRE DE PERSONA
Nombre de persona Urrutia, Norma.
9 (RLIN) 138866
245 10 - MENCIÓN DEL TÍTULO
Título De Troteras a Tigre Juan
Resto del título : dos grandes temas de Ramón Pérez de Ayala /
Mención de responsabilidad, etc. Norma Urrutia.
260 ## - PUBLICACIÓN, DISTRIBUCIÓN, ETC.
Lugar de publicación, distribución, etc. Madrid :
Nombre del editor, distribuidor, etc. Ínsula,
Fecha de publicación, distribución, etc. [1960]
300 ## - DESCRIPCIÓN FÍSICA
Extensión 127 p. ;
Dimensiones 25 cm.
600 17 - PUNTO DE ACCESO ADICIONAL DE MATERIA--NOMBRE DE PERSONA
Nombre de persona Pérez de Ayala, Ramón,
Fechas asociadas al nombre 1880-1962-
Subdivisión general Crítica e interpretación
Fuente del encabezamiento o término
9 (RLIN) 138868
852 4# - LOCALIZACIÓN
Ubicación ES-MaACL
Número de control de estantería C-18428
Sublocalización o colección R.46176
Holdings
Estatus retirado Estado de pérdida Estado de daño No para préstamo Biblioteca de origen Biblioteca actual Ubicación en estantería Fecha de adquisición Fuente de adquisición Total de préstamos Signatura topográfica completa Código de barras Visto por última vez Precio de reemplazo Tipo de ítem Koha
        Biblioteca del Ateneo de Madrid Biblioteca del Ateneo de Madrid Galería 17/01/2008     C-18428 1154314 23/02/2023 23/02/2023 Libro impreso